[Event "CZE-chT1W 2223"]
[Site "Czech Republic"]
[Date "2023.02.26"]
[Round "9.7"]
[White "Zigo, Viktor"]
[Black "Petr, Jan"]
[Result "1/2-1/2"]
[WhiteElo "2218"]
[BlackElo "2067"]
[PlyCount "81"]
[EventDate "2022.10.09"]
[EventType "team-tourn"]
[EventRounds "11"]
[EventCountry "CZE"]
[SourceTitle "CBM 213 Extra"]
[Source "ChessBase"]
[SourceDate "2023.05.31"]
[SourceVersion "1"]
[SourceVersionDate "2023.05.31"]
[SourceQuality "1"]
[WhiteTeam "Gordic"]
[BlackTeam "Pankrac"]
[WhiteTeamCountry "CZE"]
[BlackTeamCountry "CZE"]

1. e4 e5 2. Nf3 Nf6 3. Nc3 Nc6 4. d4 exd4 5. Nxd4 Bb4 6. Nxc6 bxc6 7. Bd3 d6 8. Bg5 0-0 9. 0-0 h6 10. Bh4 g5 11. Bg3 Re8 12. Re1 Bg4 13. Qd2 Nd7 14. f4 Qf6 15. Rf1 Qg7 16. Rae1 Re7 17. a3 Ba5 18. Kh1 Rae8 19. h3 Bxc3 20. bxc3 Bh5 21. fxg5 hxg5 22. Rf5 f6 23. Ra5 Bg6 24. Rxa7 Nc5 25. Kh2 Bxe4 26. Bf2 Nxd3 27. cxd3 Bg6 28. Rxe7 Qxe7 29. a4 Qh7 30. Bd4 g4 31. Bxf6 gxh3 32. Qg5 Re2 33. Rxc7 Rxg2+ 34. Qxg2 hxg2+ 35. Rxh7 Bxh7 36. d4 Kf7 37. Bh4 Be4 38. c4 Ke6 39. a5 Kd7 40. Bg3 d5 41. c5 1/2-1/2

[Event "CZE-chT1W 2223"]
[Site "Czech Republic"]
[Date "2023.02.12"]
[Round "8.6"]
[White "Stary, Vojtech"]
[Black "Zigo, Viktor"]
[Result "1/2-1/2"]
[WhiteElo "1623"]
[BlackElo "2218"]
[PlyCount "49"]
[EventDate "2022.10.09"]
[EventType "team-tourn"]
[EventRounds "11"]
[EventCountry "CZE"]
[SourceTitle "CBM 213 Extra"]
[Source "ChessBase"]
[SourceDate "2023.05.31"]
[SourceVersion "1"]
[SourceVersionDate "2023.05.31"]
[SourceQuality "1"]
[WhiteTeam "Polabiny III"]
[BlackTeam "Gordic"]
[WhiteTeamCountry "CZE"]
[BlackTeamCountry "CZE"]

1. e4 e5 2. Nf3 Nc6 3. d4 exd4 4. Nxd4 Nf6 5. Nc3 Bb4 6. Nxc6 bxc6 7. Bd3 d5 8. exd5 cxd5 9. 0-0 0-0 10. Bg5 Be6 11. Qf3 Be7 12. h3 h6 13. Bh4 c6 14. Rfe1 Nd7 15. Bxe7 Qxe7 16. b3 Qg5 17. Qe3 Qxe3 18. fxe3 Ne5 19. Ba6 Rab8 20. Rad1 Rfd8 21. Na4 Kf8 22. Nc5 Ke7 23. Nb7 Rd7 24. Nc5 Rdd8 25. Nb7 1/2-1/2

[Event "CZE-chT1W 2223"]
[Site "Czech Republic"]
[Date "2023.01.15"]
[Round "6.5"]
[White "Zigo, Viktor"]
[Black "Juptner, Jan"]
[Result "1/2-1/2"]
[WhiteElo "2218"]
[BlackElo "2217"]
[PlyCount "40"]
[EventDate "2022.10.09"]
[EventType "team-tourn"]
[EventRounds "11"]
[EventCountry "CZE"]
[SourceTitle "CBM 213 Extra"]
[Source "ChessBase"]
[SourceDate "2023.05.31"]
[SourceVersion "1"]
[SourceVersionDate "2023.05.31"]
[SourceQuality "1"]
[WhiteTeam "Gordic"]
[BlackTeam "Lysa nad Labem II"]
[WhiteTeamCountry "CZE"]
[BlackTeamCountry "CZE"]

1. e4 c5 2. Nf3 d6 3. g3 Nf6 4. d3 Nc6 5. Bg2 g6 6. 0-0 Bg7 7. c3 0-0 8. Re1 e5 9. Na3 Re8 10. Nc4 b5 11. Ne3 Rb8 12. a3 a5 13. h3 h6 14. Nh2 Be6 15. Nhg4 h5 16. Nxf6+ Bxf6 17. f4 exf4 18. gxf4 Bg7 19. f5 Bd7 20. Rf1 b4 1/2-1/2

[Event "CZE-ch Betsys Online Blitz"]
[Site "Chess.com INT"]
[Date "2021.04.17"]
[Round "6"]
[White "Zigo, Viktor"]
[Black "Bartosova, Hana"]
[Result "1-0"]
[WhiteElo "2214"]
[BlackElo "1846"]
[PlyCount "75"]
[EventDate "2021.04.17"]
[EventType "swiss (blitz)"]
[EventRounds "13"]
[EventCountry "CZE"]
[SourceTitle "CBM 201 Extra"]
[Source "ChessBase"]
[SourceDate "2021.05.31"]
[SourceVersion "1"]
[SourceVersionDate "2021.05.31"]
[SourceQuality "1"]

1. e4 e6 2. d3 d5 3. Nd2 c5 4. Ngf3 Nc6 5. g3 d4 6. Bg2 e5 7. h3 Nf6 8. 0-0 Be7 9. a3 0-0 10. Nh4 Be6 11. Ndf3 Nd7 12. Nf5 Bxf5 13. exf5 Rc8 14. Nd2 b5 15. Ne4 c4 16. g4 a5 17. g5 cxd3 18. cxd3 b4 19. Qg4 bxa3 20. bxa3 Nc5 21. Nxc5 Bxc5 22. Be4 Ne7 23. f6 Ng6 24. fxg7 Kxg7 25. h4 Be7 26. h5 Nf4 27. Qf5 Bxg5 28. Qxh7+ Kf6 29. Qf5+ Ke7 30. Qxg5+ Ke8 31. Qxe5+ Qe7 32. Qxe7+ Kxe7 33. Bxf4 Rc3 34. Rab1 Rg8+ 35. Bg3 Rxa3 36. Rb7+ Ke6 37. Rc1 Rh8 38. Rc6# 1-0

[Event "CZE-ch Betsys Online Blitz"]
[Site "Chess.com INT"]
[Date "2021.04.17"]
[Round "3"]
[White "Zigo, Viktor"]
[Black "Malikova, Katerina"]
[Result "1/2-1/2"]
[WhiteElo "2214"]
[BlackElo "1889"]
[PlyCount "83"]
[EventDate "2021.04.17"]
[EventType "swiss (blitz)"]
[EventRounds "13"]
[EventCountry "CZE"]
[SourceTitle "CBM 201 Extra"]
[Source "ChessBase"]
[SourceDate "2021.05.31"]
[SourceVersion "1"]
[SourceVersionDate "2021.05.31"]
[SourceQuality "1"]

1. e4 c5 2. Nf3 Nc6 3. g3 e6 4. d3 Nge7 5. Bg2 Ng6 6. 0-0 Be7 7. c3 0-0 8. d4 cxd4 9. cxd4 d5 10. e5 f5 11. exf6 Bxf6 12. Be3 Qb6 13. Qd2 Bd7 14. Nc3 Nge7 15. h3 Nf5 16. Rad1 Rae8 17. Na4 Qc7 18. Nc5 b6 19. Nxd7 Qxd7 20. Rfe1 Qb7 21. a3 Qa6 22. Bf1 Qa4 23. Bd3 Nxe3 24. fxe3 Na5 25. Rf1 Nc4 26. Qe2 Qb3 27. Rb1 e5 28. dxe5 Nxe5 29. Nxe5 Rxe5 30. Rbe1 Rfe8 31. Qd2 Bg5 32. Kg2 Rxe3 33. Qf2 d4 34. Qf5 g6 35. Qxg5 Rxe1 36. Rxe1 Rxe1 37. Qd8+ Kg7 38. Qxd4+ Kh6 39. Qf4+ Kg7 40. Qd4+ Kh6 41. Qf4+ Kg7 42. Qd4+ 1/2-1/2

[Event "World Corporate East E"]
[Site "Chess.com INT"]
[Date "2021.02.19"]
[Round "3.3"]
[White "Zigo, Viktor"]
[Black "Dzhugunusov, Farid"]
[Result "1-0"]
[WhiteElo "2214"]
[BlackElo "1729"]
[PlyCount "85"]
[EventDate "2021.02.19"]
[EventType "team (rapid)"]
[EventRounds "7"]
[EventCountry "USA"]
[SourceTitle "EXT 2022"]
[Source "ChessBase"]
[SourceDate "2021.10.06"]
[SourceVersion "1"]
[SourceVersionDate "2021.10.06"]
[SourceQuality "1"]
[WhiteTeam "Gordic"]
[BlackTeam "Kaspersky"]
[WhiteTeamCountry "CZE"]
[BlackTeamCountry "RUS"]

1. e4 c5 2. Nf3 d6 3. g3 Nf6 4. d3 e6 5. Bg2 Be7 6. 0-0 0-0 7. Re1 a6 8. c3 Nc6 9. d4 cxd4 10. cxd4 b5 11. d5 Ne5 12. Nxe5 dxe5 13. Nc3 Qc7 14. Be3 Rd8 15. Rc1 Qa5 16. Qb3 h6 17. h3 Rb8 18. dxe6 Bxe6 19. Nd5 Kh8 20. Red1 b4 21. Rd2 Qb5 22. Qd1 Bxd5 23. exd5 Rd7 24. d6 Bf8 25. Rc5 Qb6 26. Rxe5 Qd8 27. Bc5 Ne8 28. Bc6 Nf6 29. Bxd7 Nxd7 30. Red5 Nf6 31. R5d3 Ne4 32. Rc2 Rb5 33. Be3 Qd7 34. Qg4 f5 35. Qg6 Re5 36. Rc7 Qd8 37. Bxh6 Qf6 38. Bxg7+ Bxg7 39. Rc8+ Bf8 40. Qxf6+ Nxf6 41. Rxf8+ Kg7 42. Rxf6 Kxf6 43. d7 1-0

[Event "CZE-chT1E 1920"]
[Site "Czech Republic"]
[Date "2019.11.10"]
[Round "2.6"]
[White "Zigo, Viktor"]
[Black "Kawulok, Marek"]
[Result "0-1"]
[WhiteElo "2260"]
[BlackElo "2179"]
[PlyCount "138"]
[EventDate "2019.10.20"]
[EventType "team-tourn"]
[EventRounds "11"]
[EventCountry "CZE"]
[SourceTitle "CBM 193 Extra"]
[Source "ChessBase"]
[SourceDate "2020.01.31"]
[SourceVersion "1"]
[SourceVersionDate "2020.01.31"]
[SourceQuality "1"]
[WhiteTeam "Gordic"]
[BlackTeam "Cesky Tesin"]
[WhiteTeamCountry "CZE"]
[BlackTeamCountry "CZE"]

1. e4 e5 2. f4 exf4 3. Nf3 g5 4. h4 g4 5. Ne5 d6 6. Nxg4 Be7 7. Bc4 Bxh4+ 8. Nf2 Qg5 9. d4 Nc6 10. c3 Nf6 11. Qf3 Bg3 12. Kf1 Rg8 13. Nh3 Bxh3 14. Rxh3 0-0-0 15. Na3 Rde8 16. Bd3 Re7 17. Nc2 Rge8 18. Rxg3 Qxg3 19. Bxf4 Qh4 20. Bg3 Qg5 21. Re1 Nh5 22. Bf2 Rg8 23. Ne3 Nf4 24. Nf5 Nxd3 25. Nxe7+ Nxe7 26. Qxd3 Qxg2+ 27. Ke2 Rg4 28. Rf1 Rxe4+ 29. Kd1 Nd5 30. Re1 f5 31. Rxe4 fxe4 32. Qg3 Qxg3 33. Bxg3 Kd7 34. Ke2 Ke6 35. c4 Nf6 36. Ke3 Kf5 37. d5 Kg4 38. Bh2 Kf5 39. Bg3 h5 40. Bh4 Ng4+ 41. Ke2 Ke5 42. b3 Kd4 43. Bg3 a6 44. Be1 b5 45. cxb5 axb5 46. Ba5 Kxd5 47. Bxc7 Kc6 48. Bd8 d5 49. a4 bxa4 50. bxa4 d4 51. a5 Kb5 52. Kd2 Ne5 53. Kc2 Nc6 54. Bf6 Kxa5 55. Kd2 Kb5 56. Bxd4 Nxd4 57. Ke3 Nf5+ 58. Kxe4 h4 59. Kf3 Kc5 60. Kg2 Kd5 61. Kh3 Ke5 62. Kg4 Ke4 63. Kh3 Kf3 64. Kh2 Kg4 65. Kg2 h3+ 66. Kh2 Kh4 67. Kh1 Kg3 68. Kg1 Ne3 69. Kh1 Ng4 0-1

[Event "CZE-chT1E 1819"]
[Site "Czech Republic"]
[Date "2019.01.20"]
[Round "6.7"]
[White "Ruzicka, Frantisek"]
[Black "Zigo, Viktor"]
[Result "0-1"]
[WhiteElo "2079"]
[BlackElo "2276"]
[PlyCount "88"]
[EventDate "2018.10.21"]
[EventType "team-tourn"]
[EventRounds "11"]
[EventCountry "CZE"]
[SourceTitle "CBM 188 Extra"]
[Source "ChessBase"]
[SourceDate "2019.02.26"]
[SourceVersion "1"]
[SourceVersionDate "2019.02.26"]
[SourceQuality "1"]
[WhiteTeam "Jundrov Jezdci"]
[BlackTeam "Gordic"]
[WhiteTeamCountry "CZE"]
[BlackTeamCountry "CZE"]

1. c4 e5 2. Nc3 d6 3. Nf3 g6 4. g3 Bg7 5. Bg2 Nf6 6. 0-0 0-0 7. d3 Re8 8. Bd2 c6 9. Rb1 d5 10. cxd5 cxd5 11. d4 e4 12. Ne1 Nc6 13. Nc2 Be6 14. h3 Qd7 15. Kh2 Rac8 16. b4 b6 17. e3 h5 18. Ne2 Ne7 19. Na3 h4 20. Qb3 Nf5 21. Rfc1 hxg3+ 22. fxg3 Qd6 23. Rf1 Nh5 24. Be1 Bh6 25. Nf4 Nhxg3 26. Bxg3 Nxg3 27. Kxg3 g5 28. Nb5 Qb8 29. Nc3 gxf4+ 30. exf4 Kh8 31. Ne2 Rg8+ 32. Kh2 Rg6 33. Qe3 Rcg8 34. Rf2 Qd8 35. Rg1 Qh4 36. Bf1 Rxg1 37. Nxg1 Bg4 38. Rg2 Bh5 39. Rxg8+ Kxg8 40. Qg3+ Qxg3+ 41. Kxg3 Bg7 42. Ne2 Kf8 43. Nc3 Bxd4 44. Nxd5 e3 0-1

[Event "CZE-chT1E 1819"]
[Site "Czech Republic"]
[Date "2018.11.25"]
[Round "3.8"]
[White "Zigo, Viktor"]
[Black "Vesely, Martin"]
[Result "1/2-1/2"]
[WhiteElo "2276"]
[BlackElo "2074"]
[PlyCount "103"]
[EventDate "2018.10.21"]
[EventType "team-tourn"]
[EventRounds "11"]
[EventCountry "CZE"]
[SourceTitle "CBM 187 Extra"]
[Source "ChessBase"]
[SourceDate "2018.11.04"]
[SourceVersion "1"]
[SourceVersionDate "2018.11.04"]
[SourceQuality "1"]
[WhiteTeam "Gordic"]
[BlackTeam "Ostrava"]
[WhiteTeamCountry "CZE"]
[BlackTeamCountry "CZE"]

1. e4 c5 2. Nf3 d6 3. g3 Nf6 4. d3 e5 5. Bg2 Be7 6. 0-0 0-0 7. Re1 Nc6 8. c3 Bg4 9. h3 Be6 10. d4 cxd4 11. cxd4 d5 12. exd5 Nxd5 13. Nc3 Nxc3 14. bxc3 exd4 15. cxd4 Bf6 16. Be3 Bd5 17. Qa4 Qa5 18. Qxa5 Nxa5 19. Ne5 Bxg2 20. Kxg2 Rfd8 21. Rad1 h5 22. f4 Rd5 23. Rc1 Bxe5 24. dxe5 Nc6 25. Red1 Rad8 26. Rxd5 Rxd5 27. Kf3 Ra5 28. Rc2 Ra3 29. Ke4 Ra4+ 30. Kf5 Ra3 31. Bf2 h4 32. gxh4 Rxh3 33. Kg4 Ra3 34. Bc5 Ra4 35. Bd6 a6 36. h5 Kh7 37. a3 Kh6 38. Rc3 Rd4 39. Rc2 Rd1 40. Bc5 Rh1 41. Be3 Rxh5 42. f5+ g5 43. Rc5 Rh4+ 44. Kf3 Nd4+ 45. Bxd4 Rxd4 46. Ke3 Ra4 47. Rc7 Rxa3+ 48. Ke4 Ra4+ 49. Kd5 Ra5+ 50. Ke4 Ra4+ 51. Kd5 Ra5+ 52. Ke4 1/2-1/2

[Event "CZE-chT1E 1819"]
[Site "Czech Republic"]
[Date "2018.11.11"]
[Round "2.7"]
[White "Zigo, Viktor"]
[Black "Svancara, Petr"]
[Result "1/2-1/2"]
[WhiteElo "2276"]
[BlackElo "2145"]
[PlyCount "91"]
[EventDate "2018.10.21"]
[EventType "team-tourn"]
[EventRounds "11"]
[EventCountry "CZE"]
[SourceTitle "CBM 187 Extra"]
[Source "ChessBase"]
[SourceDate "2018.11.04"]
[SourceVersion "1"]
[SourceVersionDate "2018.11.04"]
[SourceQuality "1"]
[WhiteTeam "Gordic"]
[BlackTeam "Litovel Tatran"]
[WhiteTeamCountry "CZE"]
[BlackTeamCountry "CZE"]

1. e4 Nf6 2. e5 Nd5 3. d4 d6 4. c4 Nb6 5. exd6 exd6 6. Bd3 Nc6 7. Be3 Be7 8. Nc3 Bf6 9. Nge2 d5 10. cxd5 Nxd5 11. Nxd5 Qxd5 12. 0-0 0-0 13. Qa4 Bd7 14. Nc3 Qh5 15. Ne4 Ne5 16. Nxf6+ gxf6 17. Qd1 Qxd1 18. Rfxd1 Nxd3 19. Rxd3 Rfe8 20. d5 Re4 21. Rb3 b6 22. Rc1 Re5 23. Rxc7 Rxd5 24. h3 Rc8 25. Rxa7 b5 26. Bh6 Bf5 27. Rg3+ Bg6 28. Rc3 Re8 29. Rac7 Bd3 30. Rc8 Rdd8 31. Rxd8 Rxd8 32. Rc7 Bb1 33. a3 Bd3 34. Kh2 Bf5 35. Rc5 Bd3 36. Kg3 f5 37. Bg5 Rd6 38. Bf4 Rg6+ 39. Kh2 Bf1 40. g3 Re6 41. Rxf5 f6 42. Bd2 Bd3 43. Rf4 Kf7 44. Bc3 Kg6 45. g4 f5 46. Rd4 1/2-1/2

[Event "CZE-chT1E 1718"]
[Site "Czech Republic"]
[Date "2018.04.15"]
[Round "11.4"]
[White "Zigo, Viktor"]
[Black "Malcanek, Jan"]
[Result "1-0"]
[WhiteElo "2264"]
[BlackElo "2107"]
[PlyCount "67"]
[EventDate "2017.10.22"]
[EventType "team-tourn"]
[EventRounds "11"]
[EventCountry "CZE"]
[SourceTitle "EXT 2019"]
[Source "ChessBase"]
[SourceDate "2018.10.10"]
[SourceVersion "1"]
[SourceVersionDate "2018.10.10"]
[SourceQuality "1"]
[WhiteTeam "Gordic"]
[BlackTeam "Hostalkova"]
[WhiteTeamCountry "CZE"]
[BlackTeamCountry "CZE"]

1. e4 c5 2. Nf3 d6 3. g3 Nf6 4. d3 g6 5. Bg2 Bg7 6. 0-0 0-0 7. h3 Nc6 8. Na3 e5 9. c3 a6 10. Nc4 b5 11. Ne3 Re8 12. a4 Bb7 13. Nh2 Qc7 14. Re1 Na5 15. Nhg4 h5 16. Nxf6+ Bxf6 17. b4 cxb4 18. cxb4 Nc6 19. Nd5 Qd8 20. Be3 Bg7 21. Bb6 Qd7 22. Nc7 Nxb4 23. Nxa8 Bxa8 24. Qb3 Qb7 25. axb5 Qxb6 26. Qxb4 axb5 27. Reb1 Rb8 28. Ra5 Bc6 29. Rba1 Qc5 30. Qb3 Bd7 31. Ra8 Qc8 32. Qd5 Be6 33. Rxb8 Qxb8 34. Ra8 1-0

[Event "CZE-chT1E 1718"]
[Site "Czech Republic"]
[Date "2018.03.04"]
[Round "9.5"]
[White "Chwistek, Karel"]
[Black "Zigo, Viktor"]
[Result "0-1"]
[WhiteElo "2015"]
[BlackElo "2264"]
[PlyCount "94"]
[EventDate "2017.10.22"]
[EventType "team-tourn"]
[EventRounds "11"]
[EventCountry "CZE"]
[SourceTitle "EXT 2019"]
[Source "ChessBase"]
[SourceDate "2018.10.10"]
[SourceVersion "1"]
[SourceVersionDate "2018.10.10"]
[SourceQuality "1"]
[WhiteTeam "Opava KVS"]
[BlackTeam "Gordic"]
[WhiteTeamCountry "CZE"]
[BlackTeamCountry "CZE"]

1. e4 e5 2. Bc4 Nf6 3. d4 exd4 4. Nf3 Nc6 5. e5 d5 6. Bb5 Ne4 7. Nxd4 Bd7 8. Bxc6 bxc6 9. 0-0 Bc5 10. f3 Ng5 11. f4 Ne4 12. Be3 Bb6 13. Nd2 Nxd2 14. Qxd2 c5 15. Ne2 d4 16. Bf2 Bc6 17. c4 dxc3 18. Qxd8+ Rxd8 19. Nxc3 Rd2 20. b3 Ba5 21. Nb1 Re2 22. Na3 0-0 23. Rac1 Bb4 24. Rc2 Rxf2 25. Kxf2 Bxa3 26. Rd1 Re8 27. g3 f6 28. exf6 gxf6 29. Re1 Rxe1 30. Kxe1 Be4 31. Re2 f5 32. Kf2 Kf7 33. g4 Bb4 34. gxf5 Bxf5 35. Kg3 Bc3 36. Re3 Bd4 37. Re2 Bf6 38. Re1 Be7 39. Kf3 Bd6 40. Ke3 Kf6 41. Rc1 Bg6 42. Rc4 Be8 43. Rc1 Kf5 44. Rc4 a5 45. Re4 Bb5 46. h3 h6 47. h4 h5 0-1

[Event "CZE-chT1E 1718"]
[Site "Czech Republic"]
[Date "2018.02.18"]
[Round "8.2"]
[White "Zigo, Viktor"]
[Black "Schoupal, Patrik"]
[Result "1-0"]
[WhiteElo "2264"]
[BlackElo "2049"]
[PlyCount "41"]
[EventDate "2017.10.22"]
[EventType "team-tourn"]
[EventRounds "11"]
[EventCountry "CZE"]
[SourceTitle "EXT 2019"]
[Source "ChessBase"]
[SourceDate "2018.10.10"]
[SourceVersion "1"]
[SourceVersionDate "2018.10.10"]
[SourceQuality "1"]
[WhiteTeam "Gordic"]
[BlackTeam "Trinec"]
[WhiteTeamCountry "CZE"]
[BlackTeamCountry "CZE"]

1. e4 Nf6 2. Nc3 e5 3. Nf3 Nc6 4. d4 Bb4 5. d5 Nb8 6. Nxe5 Qe7 7. f4 0-0 8. Bd3 d6 9. Nf3 Nxe4 10. 0-0 Bc5+ 11. Kh1 Nf2+ 12. Rxf2 Bxf2 13. Bd2 Na6 14. Ne4 Bh4 15. Bc3 Nc5 16. Neg5 Bxg5 17. Nxg5 h6 18. Bh7+ Kh8 19. Qh5 Re8 20. Bg6 Bg4 21. Qxh6+ 1-0

[Event "CZE-chT1E 1718"]
[Site "Czech Republic"]
[Date "2018.02.04"]
[Round "7.6"]
[White "Zigo, Viktor"]
[Black "Zvolanek, Libor"]
[Result "1-0"]
[WhiteElo "2264"]
[BlackElo "2132"]
[PlyCount "175"]
[EventDate "2017.10.22"]
[EventType "team-tourn"]
[EventRounds "11"]
[EventCountry "CZE"]
[SourceTitle "EXT 2019"]
[Source "ChessBase"]
[SourceDate "2018.10.10"]
[SourceVersion "1"]
[SourceVersionDate "2018.10.10"]
[SourceQuality "1"]
[WhiteTeam "Gordic"]
[BlackTeam "Grygov"]
[WhiteTeamCountry "CZE"]
[BlackTeamCountry "CZE"]

1. e4 d6 2. d4 Nf6 3. Nc3 g6 4. g3 Bg7 5. Bg2 0-0 6. Nge2 e5 7. 0-0 Nc6 8. dxe5 dxe5 9. Bg5 Qxd1 10. Rfxd1 Bg4 11. h3 Bxe2 12. Nxe2 h6 13. Be3 Rfd8 14. c3 a5 15. a4 Bf8 16. Kf1 Nd7 17. Rd5 b6 18. Rad1 Nc5 19. Bxc5 Bxc5 20. Nc1 Bd6 21. Ke2 Kf8 22. Nb3 Ne7 23. R5d3 Rdb8 24. Nd2 b5 25. axb5 Rxb5 26. Nc4 Nc8 27. Rd5 Rab8 28. Ra1 c6 29. Rxb5 Rxb5 30. Rxa5 Rxa5 31. Nxa5 Na7 32. Nc4 Bc7 33. Kd3 Ke7 34. Bf3 Nc8 35. Bd1 Nb6 36. Na5 Kd7 37. b4 Bd6 38. Bb3 f6 39. Bf7 g5 40. Bg6 Be7 41. Kc2 Bf8 42. Kb3 Be7 43. c4 c5 44. b5 Bd6 45. Bf5+ Kc7 46. Be6 Bf8 47. Kc2 Kd6 48. Bg4 Kc7 49. Kd3 Kd6 50. Nb3 Be7 51. Nd2 Bd8 52. Nf1 Ke7 53. Ne3 Kf7 54. Bh5+ Kg7 55. Nf5+ Kh7 56. Bf7 Na4 57. Ke3 Bc7 58. Kf3 Nc3 59. Bd5 Ba5 60. Bc6 Na4 61. Kg4 Nb6 62. Bd5 Be1 63. f4 exf4 64. gxf4 Bd2 65. fxg5 hxg5 66. Nd6 Kg6 67. Nf5 Nc8 68. Be6 Nb6 69. Ne7+ Kg7 70. Kf5 Bf4 71. h4 Bd6 72. Ng6 gxh4 73. Nxh4 Kf8 74. Bd5 Bf4 75. Ng6+ Kg7 76. Ne7 Bd6 77. Ke6 Bc7 78. Nf5+ Kg6 79. Nd6 Kg5 80. Nb7 Na4 81. Kd7 Bb6 82. Kc6 Kf4 83. Nd6 Ke5 84. Nc8 Ba5 85. b6 Nxb6 86. Nxb6 Bb4 87. Nd7+ Kd4 88. Nxf6 1-0

[Event "CZE-chT1E 1718"]
[Site "Czech Republic"]
[Date "2017.11.26"]
[Round "3.5"]
[White "Horsak, Jan"]
[Black "Zigo, Viktor"]
[Result "1-0"]
[WhiteElo "2113"]
[BlackElo "2264"]
[PlyCount "87"]
[EventDate "2017.10.22"]
[EventType "team-tourn"]
[EventRounds "11"]
[EventCountry "CZE"]
[SourceTitle "EXT 2019"]
[Source "ChessBase"]
[SourceDate "2018.10.10"]
[SourceVersion "1"]
[SourceVersionDate "2018.10.10"]
[SourceQuality "1"]
[WhiteTeam "Stare Mesto"]
[BlackTeam "Gordic"]
[WhiteTeamCountry "CZE"]
[BlackTeamCountry "CZE"]

1. c4 e5 2. g3 Nf6 3. Bg2 g6 4. Nc3 Bg7 5. Nf3 d6 6. d3 0-0 7. Bg5 h6 8. Bxf6 Qxf6 9. Rc1 c6 10. b4 Be6 11. b5 d5 12. bxc6 bxc6 13. Nd2 Qd8 14. Qa4 Nd7 15. 0-0 Nb6 16. Qa5 Qd7 17. cxd5 cxd5 18. Nb5 Rfc8 19. Nb3 Bf8 20. Rxc8 Nxc8 21. Nc7 Rb8 22. Nxd5 Bxd5 23. Qxd5 Qxd5 24. Bxd5 Nb6 25. Bg2 Ba3 26. d4 exd4 27. Nxd4 Na4 28. Nc6 Rb2 29. e3 Bc5 30. Rc1 Rxa2 31. Bd5 Ra3 32. Rc4 Bd6 33. Nd8 Nb6 34. Bxf7+ Kg7 35. Rc6 Rd3 36. Ba2 Kf8 37. Ne6+ Ke7 38. Nd4 Rd2 39. Bb3 Nd7 40. Bc2 Bc5 41. Bxg6 Bxd4 42. exd4 Rxd4 43. Bf5 Ne5 44. Re6+ 1-0

[Event "CZE-chT1E 1617"]
[Site "Czech Republic"]
[Date "2017.03.05"]
[Round "9.5"]
[White "Zigo, Viktor"]
[Black "Rambousek, Jan"]
[Result "1/2-1/2"]
[WhiteElo "2258"]
[BlackElo "1997"]
[PlyCount "78"]
[EventDate "2016.10.16"]
[EventType "team-tourn"]
[EventRounds "11"]
[EventCountry "CZE"]
[SourceTitle "CBM 177 Extra"]
[Source "ChessBase"]
[SourceDate "2017.04.27"]
[SourceVersion "1"]
[SourceVersionDate "2017.04.27"]
[SourceQuality "1"]
[WhiteTeam "Jihlava Gordic"]
[BlackTeam "Opava KVS"]
[WhiteTeamCountry "CZE"]
[BlackTeamCountry "CZE"]

1. e4 Nf6 2. d3 Nc6 3. Nf3 d6 4. g3 g6 5. Bg2 Bg7 6. 0-0 e5 7. h3 0-0 8. c4 a5 9. Nc3 Nd7 10. Be3 Nc5 11. Qd2 Nd4 12. Bxd4 exd4 13. Ne2 Ne6 14. Ne1 f5 15. f4 c6 16. Kh2 Bd7 17. Nf3 Qc7 18. Rae1 Rae8 19. Nc1 Nc5 20. exf5 Bxf5 21. Ng5 h6 22. Ne4 b6 23. Nxc5 dxc5 24. b3 Qc8 25. Rxe8 Rxe8 26. Re1 h5 27. Re2 Bd7 28. Qe1 Rxe2 29. Qxe2 Kf7 30. Qf1 Bf5 31. Be4 Bf6 32. Qg2 Bd7 33. Ne2 Qc7 34. Qf3 Qc8 35. Ng1 Kg7 36. Qe2 Qc7 37. Qf3 Qc8 38. Qg2 Qc7 39. Ne2 Qc8 1/2-1/2

[Event "CZE-chT1E 1617"]
[Site "Czech Republic"]
[Date "2017.02.19"]
[Round "8.2"]
[White "Splichal, Stanislav"]
[Black "Zigo, Viktor"]
[Result "1/2-1/2"]
[WhiteElo "2184"]
[BlackElo "2258"]
[PlyCount "45"]
[EventDate "2016.10.16"]
[EventType "team-tourn"]
[EventRounds "11"]
[EventCountry "CZE"]
[SourceTitle "CBM 177 Extra"]
[Source "ChessBase"]
[SourceDate "2017.04.27"]
[SourceVersion "1"]
[SourceVersionDate "2017.04.27"]
[SourceQuality "1"]
[WhiteTeam "Ostrava"]
[BlackTeam "Jihlava Gordic"]
[WhiteTeamCountry "CZE"]
[BlackTeamCountry "CZE"]

1. d4 Nf6 2. Nf3 e6 3. g3 b6 4. Bg2 Bb7 5. 0-0 Be7 6. c4 0-0 7. Nc3 Ne4 8. Nxe4 Bxe4 9. Ne1 Bxg2 10. Nxg2 d5 11. Qa4 dxc4 12. Qxc4 c5 13. dxc5 Bxc5 14. Be3 Nd7 15. Rfd1 Rc8 16. Qa4 Rc7 17. Bf4 Rb7 18. Rac1 b5 19. Qe4 Qb6 20. Be3 Bxe3 21. Nxe3 Nf6 22. Qc6 Qxc6 23. Rxc6 1/2-1/2

[Event "CZE-chT2D 1617"]
[Site "Czech Republic"]
[Date "2017.02.12"]
[Round "8.5"]
[White "Nehyba, Martin"]
[Black "Zigo, Viktor"]
[Result "1/2-1/2"]
[WhiteElo "2066"]
[BlackElo "2258"]
[PlyCount "81"]
[EventDate "2016.10.09"]
[EventType "team-tourn"]
[EventRounds "11"]
[EventCountry "CZE"]
[SourceTitle "EXT 2022"]
[Source "ChessBase"]
[SourceDate "2021.10.06"]
[SourceVersion "1"]
[SourceVersionDate "2021.10.06"]
[SourceQuality "1"]
[WhiteTeam "Polabiny II"]
[BlackTeam "Jihlava Gambit"]
[WhiteTeamCountry "CZE"]
[BlackTeamCountry "CZE"]

1. c4 e5 2. Nc3 d6 3. g3 g6 4. Bg2 Bg7 5. d3 Nf6 6. e4 0-0 7. Nf3 Re8 8. 0-0 c6 9. Ne1 Na6 10. f4 b5 11. fxe5 dxe5 12. cxb5 cxb5 13. Bg5 Qb6+ 14. Kh1 Nc7 15. Nc2 Nd7 16. Ne3 f6 17. Ned5 Nxd5 18. Nxd5 Qd6 19. Qb3 Kh8 20. Be3 Nb6 21. Bxb6 axb6 22. Qxb5 Ba6 23. Qxb6 Qxb6 24. Nxb6 Rab8 25. Nd7 Rxb2 26. Nxf6 Rf8 27. Nd7 Rxf1+ 28. Bxf1 Bb5 29. Nc5 Bf8 30. Ne6 Ba3 31. Nc7 Bd7 32. Nd5 Bg4 33. Ne3 Bf3+ 34. Bg2 Re2 35. Bxf3 Rxe3 36. Bg4 Rxd3 37. Be6 h5 38. Rb1 Bc5 39. Rb5 Bd4 40. a4 g5 41. Rb1 1/2-1/2

[Event "CZE-chT2D 1617"]
[Site "Czech Republic"]
[Date "2017.01.29"]
[Round "7.5"]
[White "Zigo, Viktor"]
[Black "Siebenburger, Vlastimil"]
[Result "1-0"]
[WhiteElo "2258"]
[BlackElo "2030"]
[PlyCount "85"]
[EventDate "2016.10.09"]
[EventType "team-tourn"]
[EventRounds "11"]
[EventCountry "CZE"]
[SourceTitle "EXT 2022"]
[Source "ChessBase"]
[SourceDate "2021.10.06"]
[SourceVersion "1"]
[SourceVersionDate "2021.10.06"]
[SourceQuality "1"]
[WhiteTeam "Jihlava Gambit"]
[BlackTeam "Zdar nad Sazavou"]
[WhiteTeamCountry "CZE"]
[BlackTeamCountry "CZE"]

1. e4 c5 2. Nf3 Nc6 3. g3 g6 4. Bg2 Bg7 5. 0-0 d6 6. h3 e5 7. c3 Nge7 8. Na3 0-0 9. Nc2 f5 10. d3 h6 11. b4 f4 12. b5 Nb8 13. d4 Qc7 14. Na3 Be6 15. d5 Bd7 16. Qb3 Kh7 17. Nc4 g5 18. g4 b6 19. a4 a5 20. bxa6 Rxa6 21. Bd2 Nc8 22. Rfb1 Qa7 23. Nb2 b5 24. Bf1 bxa4 25. Nxa4 Rxa4 26. Rxa4 Qxa4 27. Qxa4 Bxa4 28. Rxb8 Bc2 29. Ba6 Bxe4 30. Ne1 Ne7 31. Rb6 Bxd5 32. Rxd6 Rf6 33. Bd3+ e4 34. Rxd5 Nxd5 35. Bxe4+ Kh8 36. Bxd5 Rd6 37. c4 Ra6 38. Nf3 Kh7 39. h4 gxh4 40. Bxf4 Bf6 41. Be3 Be7 42. Kg2 Ra3 43. Kh3 1-0